Jogos - Statistics

Estatísticas Gerais
  • Esse quiz foi jogado 717 vezes
    704 desde o último reset
  • A pontuação média é 6 de 15
Estatísticas das Respostas
Imagem Resposta % Correto
Uno
99%
Xadrez
98%
Dominó
94%
Cubo Mágico
64%
Cartas
57%
Poker
55%
Puzzle
23%
Gamão
16%
Monopólio
15%
Vídeo Jogos
10%
Berlinde
9%
Jogo do galo
9%
Mikado
9%
Escondidas
8%
Scrabble
6%
Nenhum quiz correspondente encontrado
Distribuição das Pontuações
Porcentagem de Pessoas com Cada Pontuação
Percentil de Números Respondidos
Sua Pontuação Histórica
Você não jogou esse quiz desde o último reset